| 000 | 00835nam a22002057a 4500 | ||
|---|---|---|---|
| 999 |
_c60605 _d60605 |
||
| 005 | 20230920130735.0 | ||
| 008 | 230920s2020 enk||||| |||| 00| 0 eng d | ||
| 020 | _a9789941824005 | ||
| 041 | _aeng | ||
| 080 | _a519.14 K-42 | ||
| 100 |
_aKharazishvili, A. _92546 |
||
| 245 |
_aElements of Combinatorial Geometry : _bPart 2 / _cA. Kharazishvili ; Georgian National Academy of Sciences. |
||
| 264 |
_aTbilisi, _c2020. |
||
| 300 |
_a260 p. ; _b24 cm. |
||
| 500 | _aბიბლიოგრაფია: გვ. 239-256. | ||
| 653 | _aდისკრეტული(კომბინირებული) გეომეტრია. | ||
| 653 | _aკომბინატორული გეომეტრიის ელემენტები | ||
| 710 |
_aGeorgian National Academy of Sciences. _92547 |
||
| 942 |
_2udc _cBK |
||